Types of Baked Goods - Statistics

General Stats
  • This quiz has been taken 242 times
  • The average score is 9 of 12
Answer Stats
Picture Answer % Correct
Apple Pie
96%
Croissant
96%
Cupcake
96%
Muffin
94%
Brownie
93%
Cake
93%
Cookie
91%
Macaroon
86%
Cinnamon Roll
74%
Cannoli
60%
Banana Bread
19%
Pound Cake
16%
No matching quizzes found
Score Distribution
Percent of People with Each Score
Percentile by Number Answered
Your Score History
You have not taken this quiz